Baroda dynamite conspiracy: The right to rebel (Record no. 155856)

MARC details
000 -LEADER
fixed length control field 00367nam a2200145Ia 4500
008 - FIXED-LENGTH DATA ELEMENTS--GENERAL INFORMATION
fixed length control field 230917s9999||||xx |||||||||||||| ||und||
040 ## - CATALOGING SOURCE
-- 52047
Original cataloging agency VIVEKANANDA LIBRARY
041 ## - Language
-- English
082 ## - DDC NUMBER
Classification number B F39R:B
100 ## - MAIN ENTRY--PERSONAL NAME
Personal name Reddy, C G K
245 #0 - TITLE STATEMENT
Title Baroda dynamite conspiracy: The right to rebel
260 ## - PUBLICATION, DISTRIBUTION, ETC. (IMPRINT)
Place of publication, distribution, etc New Delhi
Name of publisher, distributor, etc Vision Books
Date of publication, distribution, etc 1977
300 ## - PHYSICAL DESCRIPTION
Pages 176 p.
942 ## - ADDED ENTRY ELEMENTS (KOHA)
Koha item type Books
Holdings
Withdrawn status Lost status Damaged status Not for loan Location (home branch) Sublocation or collection (holding branch) Date acquired Koha issues (times borrowed) Koha full call number Accession No. Koha date last seen Koha item type
        VIVEKANANDA LIBRARY VIVEKANANDA LIBRARY 13/12/2002   B F39R:B 28291 17/09/2023 Books
© Designed and Maintained by Vivekananda Library, MDU Rohtak